000 00359nam a2200133Ia 4500
003 GCL
008 140319s9999 xx 000 0 ara d
040 _aGCL /
_cGCL
082 0 4 _a259
_bع ف
245 1 0 _aفتاوى وتنبيهات ونصائح
260 _a[S.N] :
_bمكتبة السنة للنشر والتوزيع ،
_c1989
300 _a640
490 _a
999 _c54921
_d54921